Strategic Management in the hotel & Resturant industry (Record no. 7419)
[ view plain ]
| 000 -LEADER | |
|---|---|
| fixed length control field | 00374nam a2200157Ia 4500 |
| 003 - CONTROL NUMBER IDENTIFIER | |
| control field | OSt |
| 005 - DATE AND TIME OF LATEST TRANSACTION | |
| control field | 20231214072240.0 |
| 008 - FIXED-LENGTH DATA ELEMENTS--GENERAL INFORMATION | |
| fixed length control field | 170524s9999 xx 000 0 und d |
| 020 ## - INTERNATIONAL STANDARD BOOK NUMBER | |
| International Standard Book Number | 81-7488-707-5 |
| 040 ## - CATALOGING SOURCE | |
| Transcribing agency | iimt |
| 100 ## - MAIN ENTRY--PERSONAL NAME | |
| Personal name | Malhotra-R.K. |
| 245 #0 - TITLE STATEMENT | |
| Title | Strategic Management in the hotel & Resturant industry |
| 260 ## - PUBLICATION, DISTRIBUTION, ETC. | |
| Name of publisher, distributor, etc. | Anmol Pub |
| 260 ## - PUBLICATION, DISTRIBUTION, ETC. | |
| Date of publication, distribution, etc. | 1998 |
| 942 ## - ADDED ENTRY ELEMENTS (KOHA) | |
| Source of classification or shelving scheme | |
| Koha item type | Book Bank |
| Withdrawn status | Lost status | Source of classification or shelving scheme | Damaged status | Not for loan | Home library | Current library | Date acquired | Barcode | Date last seen | Uniform Resource Identifier | Price effective from | Koha item type |
|---|---|---|---|---|---|---|---|---|---|---|---|---|
| IIMT University Central Library Meerut | IIMT University Central Library Meerut | 06/01/2017 | 01-B-77836 | 06/01/2017 | hotel management | 06/01/2017 | Book Bank |

